| 000 | 01253nam a22002537a 4500 | ||
|---|---|---|---|
| 003 | PE SENCICO BE | ||
| 005 | 20251020182648.0 | ||
| 008 | 240108b |||||||| |||| 00| 0 eng d | ||
| 040 |
_aPE SENCICO BE _cPE SENCICO BE |
||
| 041 | _aspa | ||
| 084 |
_aI _aDIS _a2016 _bI53 |
||
| 100 | 1 |
_91849 _aNinahuanca Deysi, Inga _eautor |
|
| 245 | 1 |
_aLa organización espacial como definidor de espacios interiores funcionales y su aplicación / _cDeysi Angélica Inga Ninahuanca |
|
| 246 | _aRemodelación del departamento | ||
| 260 |
_aLima : _c2016 |
||
| 300 |
_a19 h. : _bil. col., plans. ; _c30 x 21 cm. |
||
| 502 | _aMonografía de Titulación.-- Servicio Nacional de Capacitación para la Industria de la Construcción. Escuela Superior Técnica. Carrera Profesional Técnica en Diseño de Interiores, 2016 | ||
| 505 | 0 | _av. 1. La organización espacial como definidor de espacios interiores funcionales y su aplicación (parte teórica)-- v. 2. Remodelación del departamento (parte práctica) | |
| 650 | 1 | 0 |
_9370 _aArquitectura de viviendas |
| 650 | 2 | 0 |
_944 _aDiseño de interiores |
| 710 | 1 |
_aServicio Nacional de Capacitación para la Industria de la Construcción. _bEscuela Superior Técnica _91065 |
|
| 910 |
_bhfp _chfp |
||
| 942 |
_cMON _2ddc |
||
| 999 |
_c4484 _d4484 |
||